000 00436cam a2200169ua 4500
001 304
008 110328n ii |||gr||||Z||||||eng
040 _cMAIN
082 _a301
245 1 1 _aSociology. :
_bsystematic introduction. /
_cBy Harry M. Johnson.
250 _a1st.
260 _aNew Delhi.:
_bAllied publishers.,966.
653 _aSociology.
653 _aSystematic introduction.
700 _aJohnson, Harry M.,
942 _cBK
999 _c258
_d258